| 000 | 00409nam a22001697a 4500 | ||
|---|---|---|---|
| 003 | MACL | ||
| 005 | 20151213120116.0 | ||
| 008 | 151213b xxu||||| |||| 00| 0 eng d | ||
| 040 | _cMACL | ||
| 041 | _aEnglish | ||
| 082 | _a741.642 | ||
| 100 |
_aRobert Gilmore _920167 |
||
| 245 | _aAlice in Quantum Land | ||
| 260 |
_bAffiliated East West Press _c1995 |
||
| 650 |
_aChildren Book _920168 |
||
| 942 |
_2ddc _cBK |
||
| 999 |
_c51527 _d51527 |
||